• 首页
  • 本馆介绍
  • 公告通知
  • 最新文献
  • 馆藏检索
  • 电子资源
  • 读者导购
  • 参考咨询
  • 我的图书馆
  • 登录
  • 详细信息显示
  • 放入我的书架
  • 预约/预借图书
  • 作者相关作品
  • 分类相关作品
  • 丛书相关作品
  • 出版社相关作品

书目信息

  • 表格格式
  • 工作单格式
  • 卡片格式
题名:
花艺设计原理与技法
    
 
作者: 日本花职向上委员会 编
分册:  
出版信息: 北京   化学工业出版社  2020.11
页数: 122页
开本: 26cm
丛书名: 成为花艺师
单 册:
中图分类: J535.12
科图分类:
主题词: 花卉装饰--装饰美术--设计
电子资源:
ISBN: 978-7-122-37696-1
000 01271nam0 2200241 450
001 2147157320
005 20210103130616.18
010    @a978-7-122-37696-1@dCNY78.00
100    @a20200911d2020 em y0chiy0110 ea
101 0  @achi
102    @aCN@b110000
105    @ay z 000yy
200 1  @a花艺设计原理与技法@9hua yi she ji yuan li yu ji fa@f日本花职向上委员会编
210    @a北京@c化学工业出版社@d2020.11
215    @a122页@d26cm
225 2  @a成为花艺师
330    @a无论是对初学者而言还是对成熟的花艺师而言,基础原理和技法都是最重要的基石。花艺设计与其他美术设计门类一样,有自己的发展历史,积累完整的设计理论和技法体系,并发展出许多经典的设计主题、风格样式。站在历史和前人构建的基础之上,追本溯源,了解历史发展和技术沿革,可以让初学者站在较高的平台上,为进一步的学习打下扎实的基础。对于有经验的花艺师来说,也可以从经典中汲取源源不断的创作灵感。本书概述了现代花艺发展史,并以此为背景,重点整理归纳了花艺历史上的经典主题和样式,对其艺术特点、制作手法进行深入的分析。本书图文并茂,除了文字讲解,有大量的高清案例可供读者参考。
410  0 @12001 @a成为花艺师
606 0  @a花卉装饰@x装饰美术@x设计
690    @aJ535.12@v5
701  0 @a日本花职向上委员会@9ri ben hua zhi xiang shang wei yuan hui@4编
801  2 @aCN@b58marc.cn@c20200911
905    @aMUSE@dJ535.12@e4
    
    花艺设计原理与技法/日本花职向上委员会编.-北京:化学工业出版社,2020.11
    122页;26cm.-(成为花艺师)
    
    
    ISBN 978-7-122-37696-1:CNY78.00
    无论是对初学者而言还是对成熟的花艺师而言,基础原理和技法都是最重要的基石。花艺设计与其他美术设计门类一样,有自己的发展历史,积累完整的设计理论和技法体系,并发展出许多经典的设计主题、风格样式。站在历史和前人构建的基础之上,追本溯源,了解历史发展和技术沿革,可以让初学者站在较高的平台上,为进一步的学习打下扎实的基础。对于有经验的花艺师来说,也可以从经典中汲取源源不断的创作灵感。本书概述了现代花艺发展史,并以此为背景,重点整理归纳了花艺历史上的经典主题和样式,对其艺术特点、制作手法进行深入的分析。本书图文并茂,除了文字讲解,有大量的高清案例可供读者参考。
●
相关链接 在五车中查询图书 在当当中查询图书 在豆瓣中查询图书


正题名:花艺设计原理与技法     索取号:J535.12/4         预约/预借

序号 登录号 条形码 馆藏地/架位号 状态 备注
1 2000876552   2000876552   第二书库/ [索取号:J535.12/4] 在馆    
2 2000876553   2000876553   第二书库/ [索取号:J535.12/4] 在馆    
3 2000876554   2000876554   第二书库/ [索取号:J535.12/4] 在馆    
山东省滨州职业学院图书馆 欢迎您!
大连网信软件有限公司© 版权所有